1144 1672 1088 1771 1144 1644 1956 1650 1116 1992 1082 1661 1937 1607 1061 1753 1017 1320 1698 1382 1383 1863 1770 1449 1663 1158 1870 1823 1041 1983 1607 1308 1158 1730 1720 1699 1138 1442 1073 1794 1331 1482 1771 1007 1735 1914 1726 1965 1851 1741 1807 1674 1000 1853 1006 1811 1598 1539 1597 1180 1537 1673 1316 1146 1332 1738 1325 1083 1526 1400 1582 1870 1503 1549 1956 1431 1823 1755 1741 1306 1788 1211 1454 1439 1229 1512 1049 1992 1791 1652 1269 1238 1186 1231 1895 1000 1580 1796 1505 BCNSPRNW ULIB Ver.6.0+V

เปลี่ยนเป็นภาษาไทย

Change to English
 แสดงรายละเอียดบรรณานุกรม
  กลับหน้าหลัก

Brief Record : Get Marc (ISO 2709) : E-mail record : QR code < ปิดหน้าต่าง
LEADER : 00000nam 2200000uu 4500
001    13399125145
003     ULIB
008    161020s2559||||th 000 0 tha d
099    ^aวจ.WY159^bจ531ก
100 0  ^aจิราจันทร์ คณฑา
245 00 ^aการรับรู้เกี่ยวกับการคลอดก่อนกำหนดของหญิงตั้งครรภ์ โรงพยาบาลสวรรค์ประชารักษ์ นครสวรรค์/^cจิราจันทร์ คณฑา
246 0  ^aThe perception of Preterm Labor and Behaviors for Prevention of Preterm Labor of Pregnant Women at Sawanpracharak Hospital, Nakhonsawan Province
260    ^aนครสวรรค์:^bวิทยาลัยบรมราชชนนี สวรรค์ประชารักษ์ นครสวรรค์,^c2559
300    ^a52 หน้า
945    ^p0^l0^i001391
999    ^aณรีรัตน์
รายการนี้ยังไม่มีแท็ก
คุณยังไม่ได้ล็อกอิน คุณสามารถมีกิจกรรมร่วมกับเว็บไซต์ได้ แต่ต้องล็อกอินก่อน ::
  ล็อกอิน

รายการสื่อสารสนเทศ

ลำดับที่ ประเภท เลขเรียก/บาร์โค้ด สถานที่ สถานะ
1. งานวิจัย
งานวิจัย
วจ.WY159 จ531ก ฉ.1 
  Barcode: 001391
ห้องสมุดวิทยาเขตสวรรค์ประชารักษ์
►วิจัย
บนชั้น

รายการใกล้เคียง
    ผู้แต่ง [จิราจันทร์ คณฑา]

BibComment


ยังไม่เคยถูกคอมเมนท์

คอมเมนท์ทรัพยากรรายการนี้
  คอมเมนท์: การรับรู้เกี่ยวก..


 Copyright 2026. Bcnsprnw @Library